| 000 | 00974nam a2200253Ia 4500 | ||
|---|---|---|---|
| 003 | OSt | ||
| 005 | 20220923211105.0 | ||
| 006 | a|||||r|||| 00| 0 | ||
| 007 | ta | ||
| 008 | 220922b |||||||| |||| 00| 0 hin d | ||
| 020 |
_a8179170748 (hbk) _c275 |
||
| 024 | _a245,235 | ||
| 037 |
_b368, 11/02/2011, Swaraj Prakashan _cTextual |
||
| 040 |
_aARTS _cARTS _bhin |
||
| 041 |
_2hin _ahin |
||
| 082 | _aV56xM86x, 152P5 | ||
| 100 |
_aब्लाख, मार्क; पाण्डेय, बृज बिहारी, अनु. _9158084 |
||
| 245 | 0 | _aइतिहसकार का शिल्प | |
| 246 | _aItihasakār kā shilpa | ||
| 260 |
_aदिल्ली _b ग्रंथ शिल्पी _c2005 |
||
| 300 |
_a180पृ. _ccm. |
||
| 942 |
_hV56xM86x, 152P5 _cTEXL _2CC |
||
| 999 |
_c295086 _d295086 |
||